Statistiques concernant Culture Générale "Impossible"

Cliquez ici pour prendre le quiz!

Statistiques générales

  • Ce quiz a été pris 98 fois
  • Le résultat moyen est 3 sur 11

Statistiques - réponses

HintRéponse% Correct
Symbole chimique du DubniumDb
64%
Durée validité d'un passeport en France10 ans
54%
Mot associé à la lettre "F" dans l'alphabet militaireFoxtrot
36%
Capitale du Trinité-et-TobagoPort-d'Espagne
34%
Président de la France entre 1887 et 1894Sadi Carnot
29%
Réalisateur du film " À bout de Souffle"Jean-Luc Godard
27%
Septième président AméricainAndrew Jackson
12%
Date de la fondation de l'État Israël14 Mai 1948
8%
Date de l'indépendance de l'Inde et du Pakistan15 Août 1947
6%
Date du début et fin du mandat de ce dernier1829 à 1837
0%
Date du début de la guerre d'Indépendance19 Avril 1775
0%

Distribution des résultats

Percentile par nombre de réponses

% des personnes avec chaque résultat

Votre développement - résultats

Vous n’avez pas pris ce quiz